Das Atlantisbuch der Kunst. (Запис № 486585)

МАРК-запис
000 -LEADER
fixed length control field 01181cam a2200241Mi 4500
001 - CONTROL NUMBER
control field dasatlantisbuchd00matt
003 - CONTROL NUMBER IDENTIFIER
control field CaSfIA
005 - DATE AND TIME OF LATEST TRANSACTION
control field 20210118001018.0
007 - PHYSICAL DESCRIPTION FIXED FIELD--GENERAL INFORMATION
fixed length control field cr||||
008 - FIXED-LENGTH DATA ELEMENTS--GENERAL INFORMATION
fixed length control field 981216s1953 xx 000 0 und d
040 ## - CATALOGING SOURCE
Original cataloging agency GEBAY
Language of cataloging ger
Transcribing agency GEBAY
Modifying agency OCLCQ
-- CaSfIA
035 ## - SYSTEM CONTROL NUMBER
System control number (OCoLC)163692141
029 1# - (OCLC)
OCLC library identifier GEBAY
System control number 5146579
245 00 - TITLE STATEMENT
Title Das Atlantisbuch der Kunst.
Medium [electronic resource]
260 ## - PUBLICATION, DISTRIBUTION, ETC. (IMPRINT)
Date of publication, distribution, etc 1953.
500 ## - GENERAL NOTE
General note Eine Enzy klopquadie d.bildenden Künste. (Hrsg.v. Werner v. Matthey [u.a.] l. Aufl.)<br>Zürich: Atlantis-Verl. (1953). 898 S. m. Abb., 16 Taf.
506 ## - RESTRICTIONS ON ACCESS NOTE
Standardized terminology for access restriction Необхідна авторизація на https://archive.org/ (створення облікового запису безкоштовно)
506 ## - RESTRICTIONS ON ACCESS NOTE
Standardized terminology for access restriction Необхідна авторизація на https://openlibrary.org/ (створення облікового запису безкоштовно)
700 1# - ADDED ENTRY--PERSONAL NAME
Personal name Matthey, Werner von.
856 41 - ELECTRONIC LOCATION AND ACCESS
Uniform Resource Identifier <a href="http://www.archive.org/details/dasatlantisbuchd00matt">http://www.archive.org/details/dasatlantisbuchd00matt</a>
Public note Free eBook from the Internet Archive
856 42 - ELECTRONIC LOCATION AND ACCESS
Uniform Resource Identifier <a href="http://www.openlibrary.org/books/OL24391610M">http://www.openlibrary.org/books/OL24391610M</a>
Public note Additional information and access via Open Library
942 ## - ADDED ENTRY ELEMENTS (KOHA)
Koha item type ЕКнига

Немає доступних примірників.